000 00450nam a2200181Ia 4500
001 4748
005 20260306145818.0
008 260306t2003||||xx |||||||||||||| ||spa||
041 _aESP
082 _a330.015195
_bO85
100 _aOtárola Bedoya, Manuel
_eAUT
245 0 _aEconometría para empresas:
_banálisis de casos
260 _c2003
300 _a198 páginas :
_c23 cm.
650 _aGEN
654 _aCAN
942 _cLIB
_dJUS
_fJUS
_2ddc
_n
999 _c4748
_d4748